| 000 | 01149cam a2200349 4500 | ||
|---|---|---|---|
| 001 | WS111006 | ||
| 008 | 000000n 000 0 eng u | ||
| 035 | _a(Sirsi) u111006 | ||
| 245 | _aNational Assembly for Wales | ||
| 520 | _aSite for this governing body for Wales including the Strategic Plan for Wales, details of current business, assembly resolutions, a record of proceedings and consultation papers. Also has pages under various subject headings outlining policy in those fields. | ||
| 650 | _aWALES | ||
| 650 | _aCONSULTATION PAPERS | ||
| 650 | _aLEGISLATION | ||
| 650 | _aGOVERNMENT | ||
| 650 | _aAGRICULTURE | ||
| 650 | _aHISTORIC MONUMENTS | ||
| 650 | _aCADW | ||
| 650 |
_aEnvironment _96238 |
||
| 650 | _aEUROPE | ||
| 650 | _aFINANCE | ||
| 650 | _aTRANSPORT | ||
| 650 | _aHIGHWAYS | ||
| 650 | _aPLANNING | ||
| 650 | _aLOCAL GOVERNMENT | ||
| 650 | _aSUSTAINABLE DEVELOPMENT | ||
| 650 | _aURBAN DEVELOPMENT | ||
| 650 | _aRURAL ECONOMY | ||
| 650 | 0 | _aGOVERNMENT OF WALES ACT 1998 | |
| 690 | _aLAW | ||
| 856 | 4 | 0 |
_uhttps://www.wales.gov.uk _zView the website free of charge at www.wales.gov.uk... |
| 942 | _n0 | ||
| 999 |
_c119796 _d119796 |
||